000 01010nam0a22002891 4500
001 rc\3154982
005 20260408002559.0
021 _aRU
_bРг3854-77
035 _a(NLR Aleph) 007298787
090 _a5688098
_c5688097
100 _a20120615d1976 |||y0rusy50 ca
101 0 _arus
102 _aRU
105 _aa b |||||
200 1 _aСветильники (типа) ЛВО 02-2х20
_eКаталог
_fИзготовитель: Лид. з-д электроизделий
210 _aМосква
_cБ. и.
_d1976
215 _a[2] с.
_cчерт.
_d27
225 1 _aИнформэлектро
_v09.02.31-76
309 _aБез тит. л. и обл.
517 0 _aСветильники ЛВО 02-2х20
532 1 3 _aСветильники типа ЛВО 02-2х20
712 0 2 _a"Электроизделия", завод
_cЛида
_3RU\NLR\AUTH\8810167038
_9829972
801 0 _aRU
_bNLR
_gpsbo
801 1 _aRU
_bELAR
_2rusmarc
852 _aNLR
_jПт 20/1-09.02.31-76
942 _cBOOK
980 _aNB